Hóa vô cơ
Giới thiệu các tính chất của các nguyên tố chuyển tiếp trong hóa học vô cơ
Đã lưu trong:
| Tác giả chính: | |
|---|---|
| Định dạng: | Sách |
| Ngôn ngữ: | Undetermined |
| Được phát hành: |
Hà Nội
Giáo Dục
2005
|
| Những chủ đề: | |
| Các nhãn: |
Thêm thẻ
Không có thẻ, Là người đầu tiên thẻ bản ghi này!
|
| Thư viện lưu trữ: | Trung tâm Học liệu Trường Đại học Cần Thơ |
|---|
| LEADER | 00730nam a2200229Ia 4500 | ||
|---|---|---|---|
| 001 | CTU_106641 | ||
| 008 | 210402s9999 xx 000 0 und d | ||
| 020 | |c 37400 | ||
| 082 | |a 546 | ||
| 082 | |b Nh120/T.3 | ||
| 100 | |a Hoàng, Nhâm | ||
| 245 | 0 | |a Hóa vô cơ | |
| 245 | 0 | |c Hoàng Nhâm | |
| 260 | |a Hà Nội | ||
| 260 | |b Giáo Dục | ||
| 260 | |c 2005 | ||
| 520 | |a Giới thiệu các tính chất của các nguyên tố chuyển tiếp trong hóa học vô cơ | ||
| 526 | |a TT. Hóa vô cơ 2,TT. Hóa vô cơ | ||
| 526 | |b TN107,SP384 | ||
| 650 | |a Chemistry, inorganic | ||
| 904 | |i Tuyến, Q. Hiêu (sửa) | ||
| 980 | |a Trung tâm Học liệu Trường Đại học Cần Thơ | ||